| 000 | 00663nam a2200169 a 4500 | ||
|---|---|---|---|
| 005 | 20140412111325.0 | ||
| 008 | 000818s19uu xx 00 eng d | ||
| 020 | _a0-590-44850-1 | ||
| 050 |
_aTR(PS E _bWh55 1973 |
||
| 100 | _aMayer, Mercer | ||
| 245 |
_aWhat fo you do with a kangaroo? / _cwritten and illustrated by Mercer Mayer. |
||
| 260 |
_aNew York : _bScholastic Inc, _c1979. |
||
| 300 | _a1 v. (unp.) ; ill. | ||
| 520 | _aIf the bossy kangaroo jumped through your window and started telling you what to do AND refused to go away AND had all kinds of other animals joining him . . . what would you do? | ||
| 650 | _aKangaroos-Fiction | ||
| 999 |
_c104556 _d104556 |
||